000 nam a22 4500
999 _c8819
_d8819
008 180313b ||||| |||| 00| 0 eng d
100 _926773
_aYee, Jovic
245 _aGlitches mar senior high program/
_cJovic Yee
260 _aPhilippines
_bPhilippine Daily Inquirer
_cc2016
300 _apage A21.
650 0 _926774
_aEducation.
942 _2ddc
_cPER